| 000 | 00673cab a2200217 4500 | ||
|---|---|---|---|
| 001 | WB2805-20 | ||
| 008 | 090401t1992 xxu||||| |||| 00| 0 eng d | ||
| 035 | _a(Sirsi) u19767 | ||
| 041 | _aeng | ||
| 245 | _aTidal power | ||
| 260 | _c1992 | ||
| 350 | _a0 | ||
| 490 |
_aDepartment of Energy News Release _v(9) & (10) 22 January 1992 (5) |
||
| 520 | _aThe results of two feasibility studies for tidal projects in the Wyre estuary, Lancashire and River Duddon, Furness have been released. | ||
| 650 | _aALTERNATIVE ENERGY | ||
| 650 | _aBARRAGES | ||
| 650 | _aTIDAL POWER | ||
| 690 | _aENVIRONMENTAL AND LAND CONSULTANCY-ENERGY | ||
| 942 | _n0 | ||
| 948 | _c04/03/1997 | ||
| 999 |
_c13231 _d13231 |
||